Normal view MARC view
  • Great Britain

Entry Corporate Name

Number of records used in: 1

001 - CONTROL NUMBER

  • control field: 6063

003 - CONTROL NUMBER IDENTIFIER

  • control field: OSt

005 - DATE AND TIME OF LATEST TRANSACTION

  • control field: 20190806150249.0

008 - FIXED-LENGTH DATA ELEMENTS

  • fixed length control field: 120509n| acannaabn |n ana d

040 ## - CATALOGING SOURCE

  • Original cataloging agency: OSt
  • Transcribing agency: OSt

110 2# - HEADING--CORPORATE NAME

  • Corporate name or jurisdiction name as entry element: Great Britain
  • Subordinate unit: Royal Commission on Railway Termini in the Metropolis

670 ## - SOURCE DATA FOUND

  • Source citation: Minutes of evidence taken before the Commissioners appointed to investigate the various projects for establishing railway termini within, or in the immediate vicinity of the Metropolis with an appendix and index, 1846